[Event "DRUGA LIGA CENTRALNE SRBIJE - ISTOK 2017"]
[Site "Srebrno jezero"]
[Date "2017.10.07"]
[Round "9.5"]
[White "Pavlovic, Andrija"]
[Black "Kostic, Marko"]
[Result "0-1"]
[WhiteElo "1665"]
[BlackElo "1977"]
[PlyCount "63"]
[EventDate "2017.09.08"]

1. Nf3 Nf6 2. c4 c5 3. e3 b6 4. b3 g6 5. g3 Bb7 6. Bg2 Bg7 7. Bb2 d6 8. d4 Nbd7
9. Nbd2 Qc7 10. O-O O-O 11. Re1 Ne4 12. Qc2 Nxd2 13. Qxd2 e5 14. d5 f5 15. Ng5
Qc8 16. f4 Re8 17. e4 Nf8 18. exf5 gxf5 19. fxe5 dxe5 20. Bh3 h6 21. Nf3 Ng6
22. Qc2 e4 23. Bxg7 Kxg7 24. Nd2 Ne5 25. Qc3 Kg6 26. Nxe4 Ng4 27. Nd6 Qd7 28.
Nxe8 Rxe8 29. Rxe8 Qxe8 30. Re1 Qc8 31. Re6+ Kh5 32. Qf3 0-1

[Event "DRUGA LIGA CENTRALNE SRBIJE - ISTOK 2017"]
[Site "Srebrno jezero"]
[Date "2017.10.07"]
[Round "9.5"]
[White "Zivanovic, Zoran M"]
[Black "Zivkovic, Milutin"]
[Result "1-0"]
[WhiteElo "2022"]
[BlackElo "1744"]
[PlyCount "40"]
[EventDate "2017.09.08"]

1. e4 c5 2. Nf3 e6 3. d4 cxd4 4. Nxd4 a6 5. Bd3 Nf6 6. Nc3 Qc7 7. O-O Nc6 8.
Nxc6 dxc6 9. Bg5 Be7 10. Kh1 h6 11. Bh4 Nxe4 12. Nxe4 Bxh4 13. Qg4 Bg5 14. Nxg5
hxg5 15. f4 Qe7 16. fxg5 e5 17. Bf5 Be6 18. Rae1 g6 19. Bxe6 Qxe6 20. Qxe6+
fxe6 1-0

[Event "DRUGA LIGA CENTRALNE SRBIJE - ISTOK 2017"]
[Site "Srebrno jezero"]
[Date "2017.10.07"]
[Round "9.3"]
[White "Micovic, Nikola"]
[Black "Petrovic, Dusan"]
[Result "1/2-1/2"]
[WhiteElo "1834"]
[BlackElo "1873"]
[PlyCount "51"]
[EventDate "2017.09.08"]

1. d4 d5 2. Nf3 Nf6 3. c4 c6 4. Nc3 a6 5. a4 Bf5 6. e3 e6 7. Be2 Nbd7 8. O-O
Qc7 9. Bd2 Bd6 10. Rc1 Bg4 11. cxd5 exd5 12. h3 h5 13. Ng5 Bxe2 14. Qxe2 Nb6
15. b3 O-O-O 16. Na2 Qe7 17. Ba5 Bc7 18. Nb4 Nfd7 19. Nf3 g5 20. g3 g4 21. Nh4
gxh3 22. f4 Rhg8 23. Kh2 Rde8 24. Rf3 Qe4 25. Qc2 Qxc2+ 26. Rxc2 1/2-1/2